| 000 -LEADER |
| fixed length control field |
00733cam a2200205 a 4500 |
| 040 ## - CATALOGING SOURCE |
| Transcribing agency |
DLC |
| 082 00 - DEWEY DECIMAL CLASSIFICATION NUMBER |
| Classification number |
631 FIS 1992 C156 Or. |
| 245 00 - TITLE STATEMENT |
| Title |
Soil, water, and crop/livestock management systems for rainfed agriculture in the Near East region : |
| Remainder of title |
proceedings of the workshop at Amman, Jordan, January 18-23, 1986 / |
| 300 ## - PHYSICAL DESCRIPTION |
| Number of Pages |
xiv, 343 pages : |
| Other physical details |
illustrations, maps ; |
| Dimensions |
28 cm. |
| 500 ## - GENERAL NOTE |
| General note |
"October 1989"--T.p. verso. |
| 650 #0 - SUBJECT ADDED ENTRY--TOPICAL TERM |
| Topical Term |
Dry farming |
| 650 #0 - SUBJECT ADDED ENTRY--TOPICAL TERM |
| Topical Term |
Agricultural systems |
| 650 #0 - SUBJECT ADDED ENTRY--TOPICAL TERM |
| Topical Term |
Agricultural conservation |
| 700 1# - ADDED ENTRY--PERSONAL NAME |
| Personal name |
Whitman, C. E. |
| 710 1# - ADDED ENTRY--CORPORATE NAME |
| Corporate name or jurisdiction name as entry element |
United States. |
| 710 1# - ADDED ENTRY--CORPORATE NAME |
| Corporate name or jurisdiction name as entry element |
United States. |
| 710 2# - ADDED ENTRY--CORPORATE NAME |
| Corporate name or jurisdiction name as entry element |
International Center for Agricultural Research in the Dry Areas |
| 710 1# - ADDED ENTRY--CORPORATE NAME |
| Corporate name or jurisdiction name as entry element |
Jordan. |
| 942 ## - ADDED ENTRY ELEMENTS (KOHA) |
| Koha item type |
ADB |
| 952 ## - LOCATION AND ITEM INFORMATION (KOHA) |
| Withdrawn status [LOCAL, KOHA] |
0 |